00716nam a2200193Ia 4500001001000000003000500010008004100015010001100056040000900067100003200076245014900108260003200257300001000289502010200299650002600401650002900427650001700456710004900473Para_5715CHAP220125s1952 xx 000 0 und d a204145 cCHAP aCarnero Hernández, Manuel aControl químico de las plagas del algodonero en la región del Río Bravo, Tamps., ciclo agrícola, 1952 /c por Manuel Carnero Hernández aMéxico, D.F. :b el autor a49 h. aTesis (Ing. Agr. Esp. en Parasitología Agrícola) ENA. Departamento Parasitología Agrícola aAlgodón x plagas  aAlgodón x Tamaulipas  aInsecticidas aENA. Departamento Parasitología Agrícola